000 00519nam a2200181 i 4500
001 58703
003 ES-MaACL
005 20250209175414.0
007 t|
008 031023s1907 sp ||||1| spa d
100 1 _aDusmet y Alonso, José María.
_946341
245 1 0 _aLinneo y los himenópteros de España /
_cJosé Mª Dusmet y Alonso.
260 _aZaragoza :
_b[s.n.,
_c1907]
650 4 _aHimenópteros-
_zEspaña.
_9155450
852 _aES-MaACL
_jT-1465-F-11
_cDEPOF
942 _2udc
999 _c58703
_d58703